| 000 | 01159nam a2200265 a 4500 | ||
|---|---|---|---|
| 001 | BRCA_5151 | ||
| 005 | 20190320204948.0 | ||
| 008 | 221110s1827----mx-######v---#000-0#spa-# | ||
| 041 | _aspa | ||
| 044 | _amx | ||
| 084 |
_aDOC138 _b.D63 _c1827 |
||
| 245 | 1 | 0 | _aDocumentos sobre el juicio militar de Don Gregorio Arana. |
| 260 |
_aMéxico _c1827 |
||
| 300 |
_a[7] fojas _c32 x 22 cm. |
||
| 500 | _aDocumentos sobre el juicio por el crimen de infidencia que se siguió al General de Brigada Don Gregorio Arana. | ||
| 500 | _aContiene sello con el escudo nacional mexicano y lema: ´SELLO CUARTO. UNA CUARTILLA. PARA LOS AÑOS DE MIL OCHOCIENTOS VEINTE Y SEIS Y OCHOCIENTOS VEINTE Y SIETE´. | ||
| 500 | _aEl documento contiene la leyenda DOC. #306. | ||
| 506 | 0 | _aFondo Reservado. Para su consulta es necesario credencial de usuario y carta de motivos. | |
| 546 | _aTexto en: español de principios del siglo XIX. | ||
| 650 | 1 | 4 |
_aDocumentos legales _vManuscritos _xHistoria _912814 |
| 651 | 4 |
_aMéxico _xHistoria _yPrimeros gobiernos independientes, 1821-1824 _913172 |
|
| 700 | 1 |
_aArana, Gregorio _d1790-1828 _913173 |
|
| 902 | _aFDH | ||
| 942 |
_2lcc _cD |
||
| 999 |
_c4845 _d4845 |
||